000 00638nam a2200229Ia 4500
003 OSt
005 20220923212256.0
006 a|||||r|||| 00| 0
007 ta
008 220922b |||||||| |||| 00| 0 hin d
024 _a151,943
037 _cTextual
040 _aARTS
_cARTS
_bhin
041 _2hin
_ahin
082 _a/\2y7M73, 152F8
100 _aरामतीर्थ
_9156277
245 0 _aराम वर्षा भाग 1 तथा 2
246 _aRām varṣhā bhāg 1 tathā 2
260 _c1928
942 _h/\2y7M73, 152F8
_cTEXL
_2CC
999 _c307616
_d307616